Sri Vijnana Bhairava Tantra; (Record no. 215623)

MARC details
000 -LEADER
fixed length control field 00622nam a22001817a 4500
005 - DATE AND TIME OF LATEST TRANSACTION
control field 20260318151125.0
010 ## - LCCN (DPL NO)
LC control number ENG-147921
020 ## - INTERNATIONAL STANDARD BOOK NUMBER
International Standard Book Number 9878818633328
Terms of availability 410.00
035 ## - SYSTEM CONTROL NUMBER
System control number EN-131453
037 ## - SOURCE OF ACQUISITION
Source of stock number/acquisition DBAD
082 ## - DEWEY DECIMAL CLASSIFICATION NUMBER
Classification number 181.43
Edition number 1
100 ## - MAIN ENTRY--PERSONAL NAME
Personal name Saraswati , Swami Satyasangananda
245 ## - TITLE STATEMENT
Title Sri Vijnana Bhairava Tantra;
Remainder of title The Ascent/
Statement of responsibility, etc Swami Satyasangananda Saraswati
Medium English
260 ## - PUBLICATION, DISTRIBUTION, ETC. (IMPRINT)
Place of publication, distribution, etc Bihar
Name of publisher, distributor, etc Yoga Publications Trust,
Date of publication, distribution, etc 2013
270 ## - ADDRESS
City Bihar
Address Yoga Publications Trust , Ganga Darshan, Munger, Bihar, India
Postal code 811201
300 ## - PHYSICAL DESCRIPTION
Extent 499pbk.
Dimensions 22 cm
942 ## - ADDED ENTRY ELEMENTS (KOHA)
Source of classification or shelving scheme Dewey Decimal Classification
Item type English Books
Call number suffix SAR
Classification part 181.43
Edition 1
Holdings
Withdrawn status Lost status Not for loan Collection code Home library Current library Date acquired Source of acquisition Cost, normal purchase price Full call number Barcode Copy number Cost, replacement price Koha item type
      Non-fiction Sarojini Nagar Sarojini Nagar 18/03/2026 DBAD 410.00 SAR 181.43 EN-131453 1 410.00 English Books

© Delhi Public Library
Hit Counter
free hit counter